Türkiye'de nüfus dağılışı : (Kayıt no. 10230)

MARC ayrıntıları
000 -BAŞLIK
Sabit Uzunluktaki Kontrol Alanı 00671nam a22002057a 4500
003 - KONTROL NUMARASI KİMLİĞİ
Kontrol Alanı KOHA_MİRAKIL
005 - EN SON İŞLEM TARİHİ ve ZAMANI
Kontrol Alanı 20260414091129.0
008 - SABİT UZUNLUKTAKİ VERİ ÖGELERİ - GENEL BİLGİ
Sabit Alan 260414b tu ||||| |||| 00| 0 tur d
040 ## - KATALOGLAMA KAYNAĞI
Özgün Kataloglama Kurumu TR-AnABB
Kataloglama Dili tur
Çeviri Kurumu TR-AnABB
041 ## - DİL KODU
Metin ya da ses kaydının dil kodu tur
082 ## - DEWEY ONU SINIFLAMA SİSTEMİ
Sınıflama Numarası 304.6209561
Cutter numarası SEL 1957
100 1# - KİŞİ ADI
Yazar Adı (Kişi adı) Selen, Hamid Sadi
245 10 - ESER ADI BİLDİRİMİ
Başlık Türkiye'de nüfus dağılışı :
Alt Eseradı vb. renkli harita ile /
Sorumluluk Bildirimi Hamid Sadi Selen
246 ## - DEĞİŞİK BAŞLIK FORMU
Başlık uygun / kısa başlık 1955 sayımına göre
260 ## - YAYIN, DAĞITIM, VB.
Yayın Yeri Ankara :
Yayınevi Ankara Üniversitesi Siyasal Bilgiler Fakültesi,
Yayın Tarihi 1957
300 ## - FİZİKSEL TANIMLAMA
Sayfa, Cilt vb. 15 sayfa :
Diğer fiziki detaylar tablo ;
Boyutları 24 cm
650 04 - KONU BAŞLIĞI EK GİRİŞ - KONU TERİMİ
Konusal terim veya coğrafi ad Nüfus, Türkiye
650 04 - KONU BAŞLIĞI EK GİRİŞ - KONU TERİMİ
Konusal terim veya coğrafi ad Nüfus, Dağılış, Türkiye
942 ## - EK GİRİŞ ÖGELERİ (KOHA)
Sınıflama Kaynağı Dewey Decimal Classification
Materyal Türü Kitap
900 ## - YEREL BİLGİ
Kontrol Can ÇELIK
Mevcut
Geri Çekilme Durumu Kayıp Durumu Sınıflandırma Kaynağı Kredi için değil Kalıcı Konum Mevcut Konum Kayıt Tarih Toplam Ödünçverme Yer Numarası Demirbaş Numarası Son Görülme Tarihi Fatura Tarihi Materyal Türü
    Dewey Decimal Classification   Prof. Dr. Ruşen Keleş Kütüphanesi Prof. Dr. Ruşen Keleş Kütüphanesi 14/04/2026   304.6209561 SEL 1957 RK7070 14/04/2026 14/04/2026 Kitap